[Event "Online Olym Div2 D 2021"]
[Site "chess.com INT"]
[Date "2021.09.04"]
[Round "7.2"]
[Board "3"]
[White "Guerrero Rodriguez, Alejandra"]
[Black "Caxita, Esperanca"]
[Result "1-0"]
[WhiteTitle "WIM"]
[BlackTitle "WIM"]
[WhiteElo "2019"]
[BlackElo "1865"]
[WhiteTeam "Mexico"]
[BlackTeam "Angola"]
[WhiteFideId "5104297"]
[BlackFideId "10100903"]
[EventDate "2021.09.02"]
[EventType "team"]

1. e4 d5 2. exd5 Qxd5 3. Nc3 Qd6 4. d4 a6 5. Nf3 Nf6 6. g3 Bg4 7. Bg2 Nc6 8. Bf4
Qd7 9. h3 Bh5 10. O-O e6 11. Re1 O-O-O 12. Be3 Be7 13. a3 Nd5 14. Nxd5 exd5 15.
Qd3 Bxf3 16. Bxf3 Qxh3 17. b4 h5 18. b5 axb5 19. Qxb5 h4 20. Rab1 hxg3 21. Qxb7+
Kd7 22. Bxd5 gxf2+ 23. Bxf2 Qh2+ 24. Kf1 Qd6 25. Qxc6+ Qxc6 26. Bxc6+ Kxc6 27.
Rxe7 Rh1+ 28. Bg1 Rxd4 29. Kg2 Rdh4 30. Rxf7 g5 31. Rb4 Rh5 32. Rc4+ Kd5 33.
Rfxc7 R1h3 34. a4 Ra3 35. R7c5+ Kd6 36. a5 Rhh3 37. Bh2+ Ke6 38. Rxg5 Rhc3 39.
Rxc3 Rxc3 40. Rb5 Rxc2+ 41. Kh3 Ra2 42. Bc7 Kd7 43. Bb6 Kc6 44. Rb3 Kb7 45. Kg4
Re2 46. Kf3 Re8 47. Bd8+ Ka7 48. Bg5 Ka6 49. Bd2 Re6 50. Kf4 Rd6 51. Bc3 Rc6 52.
Ke4 Rd6 53. Rb8 Rd7 54. Rb6+ Ka7 55. Bd4 Rb7 56. Rc6+ Ka8 57. Bb6 Rd7 58. a6
Re7+ 59. Kd5 Re8 60. Rc7 Rg8 61. Bc5 Kb8 62. Kc6 Rg6+ 63. Bd6 Rg8 64. Rg7+ 1-0

[Event "Online Olym Div2 D 2021"]
[Site "chess.com INT"]
[Date "2021.09.04"]
[Round "7.2"]
[Board "4"]
[White "Junior, Ednasia"]
[Black "Carreras Mendiolea, Paulina Adri"]
[Result "1-0"]
[WhiteTitle "WFM"]
[BlackTitle "WFM"]
[WhiteElo "1867"]
[BlackElo "1788"]
[WhiteTeam "Angola"]
[BlackTeam "Mexico"]
[WhiteFideId "10105980"]
[BlackFideId "5105420"]
[EventDate "2021.09.02"]
[EventType "team"]

1. c4 Nf6 2. Nc3 g6 3. g3 Bg7 4. Bg2 d6 5. Nf3 O-O 6. O-O Nc6 7. h3 e5 8. b3 Nh5
9. e3 f5 10. d4 e4 11. Ne1 Qe8 12. Bb2 g5 13. Nd5 Rf7 14. Qxh5 h6 15. Nxc7 Qf8
16. Nxa8 f4 17. Bxe4 Kh8 18. Nc2 f3 19. Rab1 Nd8 20. d5 Bd7 21. Bxg7+ Qxg7 22.
Nd4 Be8 23. Bg6 1-0

[Event "Online Olym Div2 D 2021"]
[Site "chess.com INT"]
[Date "2021.09.04"]
[Round "7.2"]
[Board "5"]
[White "Esquivel San Agustin, Dieg"]
[Black "Junior, Domingos"]
[Result "1-0"]
[BlackTitle "FM"]
[WhiteElo "1902"]
[BlackElo "2118"]
[WhiteTeam "Mexico"]
[BlackTeam "Angola"]
[WhiteFideId "5124514"]
[BlackFideId "10105972"]
[EventDate "2021.09.02"]
[EventType "team"]

1. e4 e6 2. d4 d5 3. Nd2 Nc6 4. Ngf3 Nf6 5. e5 Nd7 6. c3 f6 7. exf6 Qxf6 8. Bd3
Bd6 9. Nf1 O-O 10. Qc2 h6 11. Ne3 Bf4 12. Ng4 Qe7 13. Bxf4 Rxf4 14. Ne3 Nf6 15.
O-O-O Ne4 16. Rhe1 Qd6 17. h3 Bd7 18. Ng4 Ng5 19. Nxg5 hxg5 20. g3 Rff8 21. Qe2
Rae8 22. Ne5 Nxe5 23. dxe5 Qe7 24. Qh5 g6 25. Bxg6 Rd8 26. f4 Be8 27. Rf1 Qg7
28. Bxe8 Rdxe8 29. Qxg5 Qxg5 30. fxg5 Kg7 31. Rf6 Rxf6 32. exf6+ Kg6 33. h4 c6
34. Rf1 e5 35. Kd2 d4 36. cxd4 exd4 37. f7 Rf8 38. Rf6+ Kg7 39. h5 Rxf7 40.
Rxf7+ Kxf7 41. g6+ Kf6 42. g4 c5 43. g5+ Kg7 44. Kd3 b6 45. a4 a6 46. Ke4 a5 47.
Kf5 d3 48. h6+ Kg8 49. g7 Kf7 50. g6+ Ke7 51. g8=Q 1-0

[Event "Online Olym Div2 D 2021"]
[Site "chess.com INT"]
[Date "2021.09.04"]
[Round "7.2"]
[Board "6"]
[White "Paulo, Jemima"]
[Black "Ortega Beltran, Ximena"]
[Result "1-0"]
[WhiteElo "1754"]
[BlackElo "1724"]
[WhiteTeam "Angola"]
[BlackTeam "Mexico"]
[WhiteFideId "10110836"]
[BlackFideId "5125090"]
[EventDate "2021.09.02"]
[EventType "team"]

1. c4 c5 2. Nc3 Nc6 3. Nf3 g6 4. g3 Bg7 5. Bg2 Nf6 6. O-O O-O 7. d4 cxd4 8. Nxd4
d6 9. Nb3 Ne5 10. c5 d5 11. Nxd5 Nxd5 12. Bxd5 Qc7 13. Bg2 Rd8 14. Qc2 Bf5 15.
e4 Bg4 16. f3 Be6 17. Be3 Nc4 18. Bf4 Qc6 19. Rab1 a5 20. Kh1 Rac8 21. Rfc1 a4
22. Nd2 Nxd2 23. Bxd2 Bxa2 24. Ba5 Bxb1 25. Qxb1 Rd3 26. Qxd3 Bxb2 27. Rc2 a3
28. Rxb2 axb2 29. Bc3 Qxc5 30. Bxb2 Qc2 31. Qb5 Qd1+ 32. Bf1 Qxf3+ 33. Bg2 Qd1+
34. Bf1 Qf3+ 35. Bg2 Qh5 36. Qd7 Rf8 37. h4 Qe2 38. Qd4 f6 39. e5 Qa6 40. exf6
exf6 41. Bc1 Kg7 42. Qd7+ Kg8 43. Bh6 Qa1+ 44. Kh2 f5 45. Bd5+ Kh8 46. Bxf8 Qb2+
47. Bg2 Kg8 48. Bd6 b5 49. Qe6+ Kh8 50. Be5+ 1-0

[Event "Online Olym Div2 D 2021"]
[Site "chess.com INT"]
[Date "2021.09.04"]
[Round "7.3"]
[Board "1"]
[White "Perez Ponsa, Federico"]
[Black "Lenic, Luka"]
[Result "1/2-1/2"]
[WhiteTitle "GM"]
[BlackTitle "GM"]
[WhiteElo "2554"]
[BlackElo "2627"]
[WhiteTeam "Argentina"]
[BlackTeam "Slovenia"]
[WhiteFideId "117927"]
[BlackFideId "14603853"]
[EventDate "2021.09.02"]
[EventType "team"]

1. d4 Nf6 2. c4 e6 3. Nc3 Bb4 4. Qc2 d5 5. cxd5 Qxd5 6. e3 c5 7. Bd2 Bxc3 8.
Bxc3 cxd4 9. Bxd4 Nc6 10. Bc3 O-O 11. Nf3 Rd8 12. Be2 Qe4 13. Rc1 Qxc2 14. Rxc2
Nd5 15. Ne5 Nxe5 16. Bxe5 f6 17. Bc7 Nxc7 18. Rxc7 Rd7 19. Rc3 e5 20. Bc4+ Kf8
21. Ke2 Rd6 22. Bb3 Bd7 23. Rc7 Bb5+ 24. Kf3 Bc6+ 25. Kg3 Rd7 26. Rxd7 Bxd7 27.
Bd5 Ke7 1/2-1/2

[Event "Online Olym Div2 D 2021"]
[Site "chess.com INT"]
[Date "2021.09.04"]
[Round "7.3"]
[Board "2"]
[White "Borisek, Jure"]
[Black "Felgaer, Ruben"]
[Result "1-0"]
[WhiteTitle "GM"]
[BlackTitle "GM"]
[WhiteElo "2591"]
[BlackElo "2572"]
[WhiteTeam "Slovenia"]
[BlackTeam "Argentina"]
[WhiteFideId "14603152"]
[BlackFideId "107069"]
[EventDate "2021.09.02"]
[EventType "team"]

1. e4 c5 2. Nf3 Nc6 3. Bb5 e6 4. Bxc6 bxc6 5. b3 Ne7 6. Bb2 d6 7. e5 Nf5 8. d3
f6 9. exf6 gxf6 10. g4 Ng7 11. Nbd2 e5 12. Rg1 Ne6 13. Qe2 Bh6 14. O-O-O Qe7 15.
Kb1 Bxd2 16. Qxd2 Bd7 17. Rde1 O-O-O 18. g5 Rhg8 19. Qa5 Kb7 20. b4 Ka8 21. bxc5
Nxc5 22. gxf6 Qxf6 23. Rxg8 Rxg8 24. Nxe5 Rb8 25. Nc4 Qxf2 26. Qd2 Qxd2 27. Nxd2
Na4 28. Nb3 Nxb2 29. Kxb2 Re8 30. Rf1 Be6 31. Rf6 c5 32. Rh6 Re7 33. Na5 Re8 34.
Rxh7 Bf5 35. Rh5 Bc8 36. Nc4 Re6 37. Rd5 Rh6 38. Nxd6 Be6 39. Rxc5 Rxh2 40. Re5
Bd7 41. Re7 Ba4 42. Ka3 1-0

[Event "Online Olym Div2 D 2021"]
[Site "chess.com INT"]
[Date "2021.09.04"]
[Round "7.3"]
[Board "3"]
[White "Lujan, Carolina"]
[Black "Janzelj, Lara"]
[Result "1/2-1/2"]
[WhiteTitle "IM"]
[BlackTitle "WIM"]
[WhiteElo "2340"]
[BlackElo "2186"]
[WhiteTeam "Argentina"]
[BlackTeam "Slovenia"]
[WhiteFideId "109878"]
[BlackFideId "14608391"]
[EventDate "2021.09.02"]
[EventType "team"]

1. e4 e5 2. Nf3 Nc6 3. Bc4 Nf6 4. d3 h6 5. c3 d6 6. O-O g5 7. Nbd2 Bg7 8. Bb3
O-O 9. Nc4 Ne7 10. Re1 Ng6 11. d4 Qe7 12. Ne3 g4 13. Nd2 Nf4 14. Ndf1 Nxe4 15.
Nxg4 Qg5 16. f3 Nf6 17. Nxf6+ Bxf6 18. Ng3 h5 19. Bxf4 exf4 20. Ne4 Qg7 21. Bc2
Bh4 22. Re2 Kh8 23. Kh1 Rg8 24. Qd3 Bf5 25. Qd2 Bg5 26. Nxg5 Qxg5 27. Bxf5 Qxf5
28. Re4 Qg5 29. Rxf4 Rae8 30. d5 Re5 31. Rg1 Rxd5 32. Qe3 Re5 33. Qd2 Rd5 34.
Qe3 Re5 35. Qd2 Rd5 1/2-1/2

[Event "Online Olym Div2 D 2021"]
[Site "chess.com INT"]
[Date "2021.09.04"]
[Round "7.3"]
[Board "4"]
[White "Vidic, Teja"]
[Black "Borda Rodas, Anapaola S."]
[Result "1-0"]
[WhiteTitle "WIM"]
[BlackTitle "WFM"]
[WhiteElo "2172"]
[BlackElo "2162"]
[WhiteTeam "Slovenia"]
[BlackTeam "Argentina"]
[WhiteFideId "14605511"]
[BlackFideId "152781"]
[EventDate "2021.09.02"]
[EventType "team"]

1. e4 e5 2. Nf3 Nc6 3. Bb5 a6 4. Ba4 Nf6 5. O-O b5 6. Bb3 Bc5 7. c3 d6 8. d4 Bb6
9. Be3 Bg4 10. Nbd2 O-O 11. h3 Bh5 12. dxe5 Nxe5 13. Bxb6 cxb6 14. g4 Bg6 15.
Nxe5 dxe5 16. Qe2 Nd7 17. Rad1 Qh4 18. Kg2 Nc5 19. Bd5 Rad8 20. Qe3 Qf6 21. Rfe1
Rd6 22. Nf1 Rfd8 23. Ng3 Ne6 24. Bb3 Nf4+ 25. Kh2 Qh4 26. Nf5 Bxf5 27. exf5 Rd3
28. Rxd3 Nxd3 29. Rd1 e4 30. Qxb6 h6 31. Qe3 Re8 32. Rxd3 1-0

[Event "Online Olym Div2 D 2021"]
[Site "chess.com INT"]
[Date "2021.09.04"]
[Round "7.3"]
[Board "5"]
[White "Kapitanchuk, Tomas"]
[Black "Tisaj, Domen"]
[Result "0-1"]
[WhiteTitle "FM"]
[BlackTitle "FM"]
[WhiteElo "2346"]
[BlackElo "2357"]
[WhiteTeam "Argentina"]
[BlackTeam "Slovenia"]
[WhiteFideId "135046"]
[BlackFideId "14628708"]
[EventDate "2021.09.02"]
[EventType "team"]

1. e4 d6 2. d4 Nf6 3. Nc3 e5 4. Nf3 Nbd7 5. Bc4 Be7 6. O-O c6 7. a4 a5 8. Re1
Qc7 9. b3 h6 10. Ba3 Nf8 11. Ne2 Nxe4 12. dxe5 d5 13. Bxe7 Qxe7 14. Bd3 Ne6 15.
Bxe4 dxe4 16. Nd2 e3 17. fxe3 O-O 18. Nd4 Rd8 19. N2f3 Ng5 20. Nxg5 Qxg5 21. e6
Bxe6 22. Nxe6 fxe6 23. Qe2 Rd5 24. Rad1 Rad8 25. Rd4 Qe5 26. Qd2 Rxd4 27. exd4
Rxd4 28. Rxe5 Rxd2 29. Rxa5 Rxc2 30. Ra8+ Kh7 31. Rb8 b5 32. a5 Ra2 33. b4 Ra4
34. Rb6 Rxb4 35. Rxc6 Ra4 36. Rxe6 Rxa5 37. Rb6 Ra1+ 38. Kf2 Rb1 39. h3 h5 40.
Kg3 g5 41. Kf3 Rb4 42. Kg3 Rb1 43. Kf3 Rf1+ 44. Ke2 Rf5 45. Ke3 Kg7 46. g4 hxg4
47. hxg4 Rc5 48. Kd4 Rc4+ 49. Ke3 b4 50. Kf2 Rxg4 51. Kf3 Rf4+ 52. Kg3 Kf7 53.
Kg2 Rc4 54. Kf2 g4 55. Kg3 Ke7 56. Kf2 Kd7 57. Ke2 Kc7 58. Rb5 Kc6 59. Rb8 Kc5
60. Kd3 Rc3+ 61. Kd2 g3 62. Rg8 Kc4 63. Rg4+ Kb3 64. Rg8 Kb2 65. Rb8 b3 66. Rg8
g2 67. Rg4 Rc1 68. Kd3 g1=Q 0-1

[Event "Online Olym Div2 D 2021"]
[Site "chess.com INT"]
[Date "2021.09.04"]
[Round "7.3"]
[Board "6"]
[White "Urh, Zala"]
[Black "Francisco Guecamburu, Candela Be"]
[Result "0-1"]
[WhiteTitle "WIM"]
[BlackTitle "WFM"]
[WhiteElo "2234"]
[BlackElo "2034"]
[WhiteTeam "Slovenia"]
[BlackTeam "Argentina"]
[WhiteFideId "14611481"]
[BlackFideId "160911"]
[EventDate "2021.09.02"]
[EventType "team"]

1. d4 Nf6 2. c4 c5 3. d5 e6 4. Nc3 exd5 5. cxd5 d6 6. Bf4 g6 7. Nf3 Bg7 8. h3
O-O 9. e3 a6 10. a4 Qe7 11. Be2 Nh5 12. Bh2 f5 13. Nd2 f4 14. e4 Nd7 15. Bxh5
gxh5 16. Qxh5 Ne5 17. O-O Bd7 18. Qd1 f3 19. Bg3 Qg5 20. h4 Qg4 21. Re1 Kh8 22.
Ra3 Rf7 23. Ncb1 Raf8 24. Ree3 b5 25. axb5 axb5 26. gxf3 Qg6 27. Kg2 Bh6 28. Re1
b4 29. Ra6 Nxf3 30. Nxf3 Rxf3 31. Qxf3 Bh3+ 32. Kxh3 Rxf3 33. Kh2 Bf4 34. Rg1
Rxf2+ 35. Kh3 Rf3 36. Ra8+ Kg7 37. Ra7+ Kh6 38. Kh2 Rxg3 0-1

[Event "Online Olym Div2 D 2021"]
[Site "chess.com INT"]
[Date "2021.09.04"]
[Round "7.4"]
[Board "1"]
[White "Boulrens, Ala Eddine"]
[Black "Rodriguez Vila, Andres"]
[Result "1/2-1/2"]
[BlackTitle "GM"]
[WhiteElo "2016"]
[BlackElo "2484"]
[WhiteTeam "Algeria"]
[BlackTeam "Uruguay"]
[WhiteFideId "7907559"]
[BlackFideId "3000010"]
[EventDate "2021.09.02"]
[EventType "team"]

1. e4 c5 2. c3 a6 3. d4 cxd4 4. cxd4 d5 5. exd5 Nf6 6. Nc3 g6 7. Nf3 Bg7 8. Qb3
O-O 9. Be2 Nbd7 10. d6 exd6 11. O-O Nb6 12. Bf4 Re8 13. Rfe1 Be6 14. Qa3 Bf8 15.
Rac1 Nfd5 16. Bd2 Nxc3 17. bxc3 Nc4 18. Bxc4 Bxc4 19. Bg5 Qd7 20. Qb2 Bd5 21.
Qd2 Qg4 22. h3 Qh5 23. Nh2 h6 24. Bf4 Qf5 25. Bxh6 Bxh6 26. Qxh6 Qh5 27. Qf4 Qf5
28. Qxf5 gxf5 29. Rxe8+ Rxe8 30. c4 Rc8 31. c5 dxc5 32. Rxc5 Rxc5 33. dxc5 Bxa2
34. Nf3 Kg7 35. Kf1 Kf6 36. Ke2 Bc4+ 37. Ke3 a5 38. Kd4 Bf1 39. Ne1 Kg5 40. Kc3
Kf4 41. Kb3 Bb5 42. Nf3 Bc6 43. h4 Be4 44. Ka4 Kg4 45. Kxa5 f4 46. Kb6 Kh5 47.
Kc7 f6 48. Kd6 Bd3 49. Ke6 Bf1 50. Ne1 Kxh4 51. Kxf6 Kg4 52. Ke5 Be2 53. Kd6 Bb5
54. Nf3 Kh5 55. Ne5 Bf1 56. g3 fxg3 57. fxg3 Bg2 58. Kc7 Bd5 59. Kb6 Kg5 60. Kc7
Kf5 61. Kd6 Be4 62. Nc4 Kg4 63. Na5 Kxg3 64. Kc7 Kf4 65. Nxb7 Ke5 66. Kb6 Ke6
67. Kc7 Ke7 68. Nd6 Bd5 69. Nf5+ Ke6 70. Ne3 Be4 71. Nc4 Bd5 72. Ne3 Be4 73. Kd8
Bf3 74. Kc7 Be4 1/2-1/2

[Event "Online Olym Div2 D 2021"]
[Site "chess.com INT"]
[Date "2021.09.04"]
[Round "7.4"]
[Board "2"]
[White "Diaz Hollemaert, Nahuel"]
[Black "Achour, Mohamed Anis"]
[Result "1-0"]
[WhiteTitle "IM"]
[WhiteElo "2441"]
[BlackElo "2006"]
[WhiteTeam "Uruguay"]
[BlackTeam "Algeria"]
[WhiteFideId "104019"]
[BlackFideId "7904649"]
[EventDate "2021.09.02"]
[EventType "team"]

1. Nf3 d5 2. c4 e6 3. b3 Nf6 4. Bb2 c5 5. g3 Be7 6. cxd5 exd5 7. Bg2 O-O 8. d4
cxd4 9. O-O Nc6 10. Nxd4 Bc5 11. Nxc6 bxc6 12. Nc3 Ba6 13. Na4 Bd6 14. Rc1 Bb5
15. Nc3 Ba6 16. Re1 Bb4 17. a3 Ba5 18. b4 Bb6 19. Na4 Bb5 20. Nc5 Re8 21. Bd4
Rc8 22. a4 Bc4 23. a5 Bxc5 24. Bxc5 a6 25. e4 Nd7 26. Bd4 Rb8 27. Bc3 Nf6 28.
Qd4 Bb5 29. e5 Nd7 30. Bh3 Nf8 31. e6 Qf6 32. Qxf6 gxf6 33. e7 Ne6 34. Bxf6 d4
35. Rxe6 fxe6 36. Bxe6# 1-0

[Event "Online Olym Div2 D 2021"]
[Site "chess.com INT"]
[Date "2021.09.04"]
[Round "7.4"]
[Board "3"]
[White "Nassr, Lina"]
[Black "de Leon, Patricia"]
[Result "1/2-1/2"]
[WhiteTitle "WIM"]
[BlackTitle "WFM"]
[WhiteElo "1970"]
[BlackElo "2004"]
[WhiteTeam "Algeria"]
[BlackTeam "Uruguay"]
[WhiteFideId "7908075"]
[BlackFideId "3000273"]
[EventDate "2021.09.02"]
[EventType "team"]

1. d4 d5 2. Nf3 Nf6 3. e3 e6 4. Bd3 c5 5. b3 cxd4 6. exd4 Bd6 7. O-O O-O 8. Bb2
Nc6 9. a3 b6 10. Nbd2 Bb7 11. Qe2 Rc8 12. Ne5 Ne7 13. f4 Bb8 14. g4 Ne4 15. Nxe4
dxe4 16. Bxe4 Bxe4 17. Qxe4 f6 18. Nc4 Qd5 19. Qe2 Ng6 20. Ne3 Qe4 21. Qf3 Qxf3
22. Rxf3 Nxf4 23. c4 Rcd8 24. Rd1 Rd7 25. Ng2 Nxg2 26. Kxg2 Rfd8 27. Re1 Kf7 28.
Rfe3 e5 29. dxe5 Rd2+ 30. R1e2 Rxe2+ 31. Rxe2 Bxe5 32. Bxe5 fxe5 33. Rxe5 Rd3
34. Rf5+ Ke6 35. Rf3 Rd2+ 36. Kg3 Ra2 37. a4 g5 38. Rd3 Rb2 39. h3 h6 40. Kf3
Rb1 41. Ke4 Re1+ 42. Kd4 Rc1 43. Re3+ Kd6 44. Rf3 Ke6 45. Kd3 Rb1 46. Kc2 Rh1
47. Kc3 a5 48. Kd4 Rd1+ 49. Rd3 Rc1 50. Re3+ Kd6 51. Rf3 Ke6 52. Rf5 Rd1+ 53.
Kc3 Rh1 54. Rf3 Ra1 55. Kd4 Rd1+ 56. Rd3 Rc1 57. Rf3 Rd1+ 1/2-1/2

[Event "Online Olym Div2 D 2021"]
[Site "chess.com INT"]
[Date "2021.09.04"]
[Round "7.4"]
[Board "4"]
[White "Silva Rosas, Natalia"]
[Black "Abdi, Zineb Dina"]
[Result "0-1"]
[WhiteTitle "WCM"]
[BlackTitle "WIM"]
[WhiteElo "1771"]
[BlackElo "1926"]
[WhiteTeam "Uruguay"]
[BlackTeam "Algeria"]
[WhiteFideId "3000575"]
[BlackFideId "7900880"]
[EventDate "2021.09.02"]
[EventType "team"]

1. f4 d5 2. Nf3 Nf6 3. d3 Bf5 4. c3 e6 5. Nbd2 Bc5 6. Qa4+ Qd7 7. Qb3 c6 8. Ne5
Qc7 9. d4 Bd6 10. Ndf3 h6 11. h3 Ne4 12. g4 Bh7 13. h4 a5 14. a4 Ra6 15. g5 Bf5
16. g6 Bxg6 17. Nxg6 fxg6 18. Ne5 Bxe5 19. dxe5 Nd7 20. Be3 Ndc5 21. Qc2 Ra8 22.
Rg1 Qf7 23. b4 axb4 24. cxb4 Na6 25. b5 Nb8 26. Bh3 O-O 27. b6 c5 28. a5 Na6 29.
Ra4 Nb4 30. Qb3 Rfe8 31. Ra1 d4 32. Bc1 Nd5 33. Bd2 Nxd2 34. Kxd2 Qxf4+ 35. Kc2
Nb4+ 36. Kd1 Qe3 37. Bxe6+ Kh7 38. Qxe3 dxe3 39. Bf7 Rxe5 40. Bxg6+ Kg8 41. Rf1
Rd8+ 42. Kc1 Rd2 43. Bf7+ Kh8 44. Bg6 Kg8 45. Bf7+ Kh7 46. Bg6+ Kxg6 47. Rg1+
Kf7 48. Rf1+ Ke7 49. Rg1 g5 50. hxg5 hxg5 51. Rg3 Rxe2 52. Ra3 Nc6 53. a6 bxa6
54. Rxa6 Re1+ 55. Kb2 e2 56. Ra7+ Nxa7 57. bxa7 Rb1+ 58. Kxb1 e1=Q+ 59. Kb2 Qa5
60. Ra3 Re2+ 61. Kb3 Re3+ 62. Kc4 Rxa3 63. a8=Q Qxa8 0-1

[Event "Online Olym Div2 D 2021"]
[Site "chess.com INT"]
[Date "2021.09.04"]
[Round "7.4"]
[Board "5"]
[White "Brahami, Lamine"]
[Black "Romero, Juan"]
[Result "1-0"]
[WhiteTitle "FM"]
[WhiteElo "2194"]
[BlackElo "1396"]
[WhiteTeam "Algeria"]
[BlackTeam "Uruguay"]
[WhiteFideId "7905637"]
[BlackFideId "3012336"]
[EventDate "2021.09.02"]
[EventType "team"]

1. d4 Nf6 2. c4 e6 3. Nf3 d5 4. Nc3 Be7 5. Bf4 c6 6. e3 Nbd7 7. Rc1 dxc4 8. Bxc4
Nb6 9. Bd3 O-O 10. O-O Nbd5 11. Bg3 Nh5 12. Be5 f6 13. Bg3 Nxg3 14. hxg3 Bd7 15.
Qc2 h6 16. a3 Rc8 17. Ne4 c5 18. Qe2 cxd4 19. exd4 f5 20. Nc5 Bxc5 21. dxc5 f4
22. Qe4 Qf6 23. Ne5 Rfd8 24. Qh7+ Kf8 25. Nxd7+ Rxd7 26. Qh8+ Ke7 27. Qxc8 fxg3
28. fxg3 Qd4+ 29. Kh2 Nf6 30. Bb5 Rd5 31. Be2 Qe3 32. Bf3 Rg5 33. Rce1 Qd4 34.
Qxe6+ Kf8 35. Qc8+ Kf7 36. Qe6+ Kg6 37. Be4+ Kh5 38. Qh3# 1-0

[Event "Online Olym Div2 D 2021"]
[Site "chess.com INT"]
[Date "2021.09.04"]
[Round "7.4"]
[Board "6"]
[White "Roepke, Sofia"]
[Black "Nassr, Ryma"]
[Result "1/2-1/2"]
[BlackTitle "WCM"]
[WhiteElo "1589"]
[BlackElo "1509"]
[WhiteTeam "Uruguay"]
[BlackTeam "Algeria"]
[WhiteFideId "3006360"]
[BlackFideId "7920296"]
[EventDate "2021.09.02"]
[EventType "team"]

1. e4 e6 2. d4 d5 3. Nd2 dxe4 4. Nxe4 Nd7 5. Bd3 Ngf6 6. Qe2 Nxe4 7. Bxe4 Nf6 8.
Bxb7 Bxb7 9. Qb5+ Nd7 10. Qxb7 Be7 11. Nf3 O-O 12. O-O a5 13. Qe4 Nf6 14. Qe2 c5
15. dxc5 Bxc5 16. Be3 Qb6 17. Bxc5 Qxc5 18. c3 Rfd8 19. Rfd1 Nd5 20. Qe5 Qb6 21.
Qd4 Qxb2 22. Rac1 h6 23. c4 Qxd4 24. Nxd4 Nf4 25. Kf1 Rac8 26. g3 Ng6 27. f4 Ne7
28. Ke2 Nf5 29. Nxf5 exf5 30. Rd3 Re8+ 31. Kd2 Re4 32. c5 Kf8 33. c6 Rc7 34. Rd5
Ra4 35. Rc2 g6 36. Kd3 Ke7 37. Rdc5 Kd6 38. Ke3 Rxa2 39. Rxa2 Kxc5 40. Rxa5+
Kxc6 41. Ra6+ Kd5 42. Ra5+ 1/2-1/2

[Event "Online Olym Div2 D 2021"]
[Site "chess.com INT"]
[Date "2021.09.04"]
[Round "7.5"]
[Board "1"]
[White "Cawdery, Daniel"]
[Black "Fier, Alexandr"]
[Result "0-1"]
[WhiteTitle "IM"]
[BlackTitle "GM"]
[WhiteElo "2419"]
[BlackElo "2564"]
[WhiteTeam "South Africa"]
[BlackTeam "Brazil"]
[WhiteFideId "14300249"]
[BlackFideId "2107139"]
[EventDate "2021.09.02"]
[EventType "team"]

1. e4 c5 2. Nf3 e6 3. d4 cxd4 4. Nxd4 Nf6 5. Nc3 d6 6. Be2 Be7 7. O-O O-O 8. Be3
Nc6 9. f4 Bd7 10. Kh1 a6 11. Qe1 b5 12. a3 Qb8 13. Qg3 b4 14. axb4 Qxb4 15. Nb3
Nxe4 16. Nxe4 Qxe4 17. Bd3 Qb4 18. f5 Qh4 19. Qxh4 Bxh4 20. fxe6 fxe6 21. Rxf8+
Kxf8 22. Bxh7 Bf6 23. c3 Rb8 24. Bc2 a5 25. Bc1 Rb5 26. Nd2 Ne5 27. Ne4 Be7 28.
Ba4 Rb7 29. Bxd7 Rxd7 30. Rxa5 Nd3 31. Bg5 Nxb2 32. h4 Nc4 33. Ra8+ Kf7 34. Ra1
d5 35. Rf1+ Kg6 36. Bxe7 Rxe7 37. Ng5 Kh5 38. g3 e5 39. Kh2 Kg4 40. Nh3 Rb7 41.
Nf2+ Kf3 42. Nd3+ Ke2 43. Nc5 Rb5 0-1

[Event "Online Olym Div2 D 2021"]
[Site "chess.com INT"]
[Date "2021.09.04"]
[Round "7.5"]
[Board "3"]
[White "Laubscher, Anzel"]
[Black "Alboredo, Julia"]
[Result "0-1"]
[WhiteTitle "WIM"]
[BlackTitle "WFM"]
[WhiteElo "1699"]
[BlackElo "2183"]
[WhiteTeam "South Africa"]
[BlackTeam "Brazil"]
[WhiteFideId "14300800"]
[BlackFideId "2124807"]
[EventDate "2021.09.02"]
[EventType "team"]

1. d4 Nf6 2. c4 g6 3. Nc3 d5 4. Bg5 Bg7 5. cxd5 Nxd5 6. e4 Nxc3 7. bxc3 c5 8.
Bb5+ Nd7 9. Ne2 cxd4 10. Nxd4 O-O 11. O-O Nc5 12. Qe2 a6 13. Bc4 Qc7 14. Rac1
Qe5 15. f4 Qc7 16. e5 e6 17. Rfd1 b5 18. Bb3 Bb7 19. Bc2 h6 20. Bh4 Bd5 21. Nb3
Na4 22. Be4 Bxe4 23. Qxe4 Rac8 24. Rd3 Qc4 25. Qe3 g5 26. Bg3 gxf4 27. Bxf4 Kh7
28. Rd4 Qc6 29. Qe4+ Qxe4 30. Rxe4 Nxc3 31. Re3 Nd5 32. Rf3 Nxf4 33. Rxf4 Rxc1+
34. Nxc1 Bxe5 35. Rf3 f5 36. Nd3 Bd4+ 37. Kf1 Rc8 38. Nf4 Rc1+ 39. Ke2 e5 40.
Ne6 Kg6 41. Nxd4 exd4 42. Kd3 Rd1+ 43. Kc2 Ra1 44. Kb2 Rg1 45. Rf2 Kf6 46. Kc2
Ke5 47. Re2+ Kd5 48. Rf2 f4 49. Rxf4 Rxg2+ 50. Kd3 Ke5 51. Re4+ Kf5 52. Rxd4
Rxh2 53. Rd6 Rxa2 54. Rxh6 Ke5 55. Kc3 Kd5 56. Kb4 Ra4+ 57. Kb3 Kc5 58. Rh5+ Kb6
59. Rh6+ Ka5 60. Rh5 Rb4+ 61. Ka3 Rg4 62. Kb3 Rg3+ 63. Kb2 Ka4 64. Rh6 Rg2+ 65.
Kc3 b4+ 66. Kc4 Rc2+ 67. Kd3 Rc3+ 68. Kd2 a5 69. Rh1 Rc5 70. Ra1+ Kb5 71. Rh1 a4 0-1

[Event "Online Olym Div2 D 2021"]
[Site "chess.com INT"]
[Date "2021.09.04"]
[Round "7.5"]
[Board "5"]
[White "Khumalo, Keith"]
[Black "Labussiere, Victor"]
[Result "1-0"]
[WhiteTitle "CM"]
[BlackTitle "FM"]
[WhiteElo "2108"]
[BlackElo "2291"]
[WhiteTeam "South Africa"]
[BlackTeam "Brazil"]
[WhiteFideId "14319470"]
[BlackFideId "2183129"]
[EventDate "2021.09.02"]
[EventType "team"]

1. d4 Nf6 2. c4 e6 3. Nf3 d5 4. g3 Bb4+ 5. Bd2 Be7 6. Qc2 O-O 7. Bg2 a5 8. Nc3
dxc4 9. e4 Nc6 10. Nb5 Nb4 11. Qxc4 c6 12. Na3 Nxe4 13. O-O Nxd2 14. Nxd2 Bf6
15. Nf3 Qd6 16. Rfd1 Rd8 17. Qe2 Nd5 18. Nc4 Qc7 19. Rac1 b6 20. Nfe5 Bb7 21.
Ng4 Be7 22. Nce5 Rac8 23. a3 Bf8 24. h4 c5 25. h5 h6 26. Kh2 Qe7 27. f4 cxd4 28.
Rxc8 Rxc8 29. Rxd4 Qc7 30. Rc4 Qd8 31. Rd4 Bc5 32. Rd2 Qe8 33. f5 exf5 34. Bxd5
Bxd5 35. Rxd5 fxg4 36. Qxg4 Be7 37. Rd2 Bg5 38. Re2 Qd8 39. Qf5 Rc7 40. Nf3 Bf6
41. Qb5 Rc8 42. b4 axb4 43. axb4 Kh8 44. Rd2 Qc7 45. Qd7 Qc3 46. Re2 Rd8 47.
Re8+ Rxe8 48. Qxe8+ Kh7 49. Qe4+ g6 50. hxg6+ fxg6 51. Qb7+ Bg7 52. Qe4 Qf6 53.
Nh4 Qf2+ 54. Kh3 Qf1+ 55. Kh2 Qf6 56. Kh3 Bf8 57. b5 Bc5 58. Qb7+ Qg7 59. Qe4
Qd7+ 60. Kh2 Qf7 61. Kh3 Bd6 62. Kg2 h5 63. Nf3 Qe7 64. Qd5 Kg7 65. Qd4+ Kh7 66.
Qxb6 Qe2+ 67. Qf2 Qxb5 68. Qa7+ Kh6 69. Qe3+ Kh7 70. Ng5+ Kg7 71. Qa7+ Kf6 72.
Nh7+ Ke6 73. Qe3+ Be5 74. Ng5+ Kf5 75. Ne4 Qb2+ 76. Kh3 Qc2 77. Qf3+ Ke6 78.
Ng5+ Kd6 79. Qf8+ Kd5 80. Qf7+ Kd4 81. Nf3+ Ke3 82. Nxe5 Qe4 83. Qb3+ Kf2 84.
Nd3+ Ke2 85. Nf4+ Kf2 86. Qb2+ Ke3 87. Qe2+ Kd4 88. Qxe4+ Kxe4 89. Nxg6 1-0